Suomen seutukunnat kartalla - Statistics

Yleistilastot
  • Tätä visaa on pelattu 2 478 kertaa
  • Keskiarvotulos 29 / 69
Vastaukset kartalla
Vastauksille on annettu kartalla punavihreä väri sen mukaan, kuinka moni on saanut sen oikein.
 
Vastaustilastot
% Oikein
Uusimaa Helsinki
87%
Pohjois-Pohjanmaa Oulu
87%
Varsinais-Suomi Turku
85%
Lappi Rovaniemi
84%
Pirkanmaa Tampere
84%
Keski-Suomi Jyväskylä
80%
Pohjois-Karjala Joensuu
79%
Pohjanmaa Vaasa
79%
Pohjois-Savo Kuopio
78%
Satakunta Pori
77%
Etelä-Karjala Lappeenranta
76%
Lappi Kemi–Tornio
75%
Kainuu Kajaani
74%
Kymenlaakso Kotka–Hamina
73%
Päijät-Häme Lahti
73%
Etelä-Pohjanmaa Seinäjoki
71%
Kanta-Häme Hämeenlinna
69%
Etelä-Savo Mikkeli
69%
Keski-Pohjanmaa Kokkola
68%
Kymenlaakso Kouvola
68%
Uusimaa Porvoo
65%
Satakunta Rauma
64%
Etelä-Savo Savonlinna
62%
Etelä-Karjala Imatra
59%
Ahvenanmaa Mariehamns stad
57%
Varsinais-Suomi Salo
57%
Uusimaa Loviisa
47%
Pohjois-Pohjanmaa Raahe
45%
Uusimaa Raasepori
45%
Kanta-Häme Riihimäki
45%
Kanta-Häme Forssa
42%
Keski-Suomi Jämsä
41%
Pohjois-Savo Varkaus
41%
Pohjanmaa Pietarsaari
38%
Keski-Suomi Saarijärvi–Viitasaari
35%
Varsinais-Suomi Loimaa
33%
Etelä-Savo Pieksämäki
33%
Keski-Suomi Äänekoski
31%
Keski-Suomi Keuruu
31%
Lappi Itä-Lappi
30%
Pohjois-Pohjanmaa Ylivieska
30%
Lappi Pohjois-Lappi
29%
Ahvenanmaa Ålands skärgård
25%
Pohjois-Pohjanmaa Koillismaa
25%
Pohjois-Pohjanmaa Nivala–Haapajärvi
25%
Pohjois-Pohjanmaa Haapavesi-Siikalatva
24%
Keski-Suomi Joutsa
24%
Keski-Pohjanmaa Kaustinen
18%
Lappi Tunturi-Lappi
18%
Pohjois-Savo Ylä-Savo
18%
Varsinais-Suomi Vakka-Suomi
15%
Etelä-Pohjanmaa Suupohja
14%
Pohjanmaa Suupohjan rannikkoseutu
14%
Pirkanmaa Etelä-Pirkanmaa
13%
Etelä-Pohjanmaa Järviseutu
12%
Pohjois-Pohjanmaa Oulunkaari
12%
Pohjois-Karjala Pielisen Karjala
12%
Satakunta Pohjois-Satakunta
12%
Varsinais-Suomi Turunmaa
12%
Kainuu Kehys-Kainuu
11%
Pohjois-Savo Koillis-Savo
11%
Lappi Torniolaakso
11%
Pirkanmaa Luoteis-Pirkanmaa
10%
Pirkanmaa Ylä-Pirkanmaa
10%
Etelä-Pohjanmaa Kuusiokunnat
9%
Pirkanmaa Lounais-Pirkanmaa
9%
Pohjois-Savo Sisä-Savo
9%
Pohjois-Karjala Keski-Karjala
8%
Ahvenanmaa Ålands landsbygd
7%
Ehtoja vastaavia visoja ei löytynyt
Tulosjakauma
Jokaisen tuloksen saaneiden osuus
Persentiili vastausten määrän mukaan
Tuloshistoriasi
Et ole pelannut tätä visaa